000 00559nam a2200121Ia 4500
008 220615s9999||||xx |||||||||||||| ||und||
100 _aBoger, Gordon||Mull, J. Alexander
245 0 _aRecollections of the Catawba Valley
546 _aEnglish[eng]
650 _aSocial Science||Regional Studies
856 _uhttps://library.oapen.org/bitstream/20.500.12657/47651/1/external_content.pdf||https://library.oapen.org/bitstream/20.500.12657/47651/1/external_content.pdf||https://library.oapen.org/bitstream/20.500.12657/47651/1/external_content.pdf
942 _cEB
999 _c14298
_d14298